Clickable Last Names: Futurama Quiz Stats

 Plays Quiz not verified by Sporcle

Score 0/15 Timer 01:30
0 Plays Today
% Correct
Fry
74.8%
Wong
74.1%
Brannigan
73%
Turanga
71.1%
Conrad
69.7%
Rodríguez
69.1%
Farnsworth
67.5%
Farnsworth
62.4%
% Correct
Conrad
51.2%
Conrad
46.5%
Fry
42.3%
Wong
41.2%
Turanga
38.9%
Wong
34.9%
Turanga
29.6%

You're not logged in!

Compare scores with friends on all Sporcle quizzes.
OR
Log In

Sporcle TV

Today on Sporcle TV


Watch our educational content, quiz creation guides, and fun videos on Sporcle TV.

Show Comments

Extras

Top Quizzes Today


Score Distribution

Your Account Isn't Verified!

In order to create a playlist on Sporcle, you need to verify the email address you used during registration. Go to your Sporcle Settings to finish the process.

Report this User

Report this user for behavior that violates our Community Guidelines.

Details: